Statistics for Countries Closest to the US by first two letters

Click here to take the quiz!

General Stats

  • This quiz has been taken 747 times
  • The average score is 15 of 20

Answer Stats

kmcountrymiles% Correct
0Canada0
99%
0Mexico0
99%
153Cuba93
93%
83Bahamas53
89%
1068Guatemala665
85%
1242Colombia772
83%
1534Costa Rica953
83%
758Jamaica471
80%
1677Panama1042
79%
929Belize578
78%
945Haiti579
77%
1080Nicaragua671
77%
4Russia2
76%
1066Dominican Republic663
75%
1010Honduras608
75%
1339El Salvador832
69%
2005Saint Kitts and Nevis1246
65%
1737Venezuela1080
52%
2080Antigua and Barbuda1292
46%
1664Kiribati1034
8%

Score Distribution

Percentile by Number Answered

Percent of People with Each Score

Your Score History

You have not taken this quiz